000 00333nam a22001457a 4500
008 181031b xxu||||| |||| 00| 0 eng d
020 _a9780674048355
041 _aeng
080 _a101
082 _a101
100 _a24
101 _aFIL
245 _aBoethius the consolation of Philosophy
_cSlavitt.D.R
942 _2udc
_cBK
999 _c51223
_d51223